<?xml version="1.0" encoding="UTF-8"?>
<collection xmlns="http://www.loc.gov/MARC21/slim">
 <record>
  <leader>     na                 </leader>
  <controlfield tag="001">INLIS000000000006655</controlfield>
  <controlfield tag="005">20221114111653</controlfield>
  <datafield tag="035" ind1=" " ind2=" ">
   <subfield code="a">0010-0520006655</subfield>
  </datafield>
  <controlfield tag="008">221114                |          | ind  </controlfield>
  <datafield tag="020" ind1=" " ind2=" ">
   <subfield code="a">978-979-157-693-2</subfield>
  </datafield>
  <datafield tag="041" ind1=" " ind2=" ">
   <subfield code="a">ind</subfield>
  </datafield>
  <datafield tag="082" ind1=" " ind2=" ">
   <subfield code="a">923.43</subfield>
  </datafield>
  <datafield tag="084" ind1=" " ind2=" ">
   <subfield code="a">923.43 DAR</subfield>
  </datafield>
  <datafield tag="100" ind1="0" ind2=" ">
   <subfield code="a">Dari Timur Ke Barat Memandu Hukum : Pemikiran Hukum Wakil Ketua Mahkamah Konstitusi Prof. Dr. H.M. Laica Marzuki, S.H</subfield>
  </datafield>
  <datafield tag="245" ind1="1" ind2=" ">
   <subfield code="a">Dari Timur Ke Barat Memandu Hukum :</subfield>
   <subfield code="b">Pemikiran Hukum Wakil Ketua Mahkamah Konstitusi Prof. Dr. H.M. Laica Marzuki, S.H /</subfield>
   <subfield code="c">Tim Penyusun</subfield>
  </datafield>
  <datafield tag="250" ind1=" " ind2=" ">
   <subfield code="a">Cet ke -1</subfield>
  </datafield>
  <datafield tag="260" ind1=" " ind2=" ">
   <subfield code="a">Jakarta :</subfield>
   <subfield code="b">Setjen dan Kepaniteraan Mahkmah Konstitusi,</subfield>
   <subfield code="c">2008</subfield>
  </datafield>
  <datafield tag="300" ind1=" " ind2=" ">
   <subfield code="a">xvi, 538 p. :</subfield>
   <subfield code="b">illus. ;</subfield>
   <subfield code="c">23 cm.</subfield>
  </datafield>
  <datafield tag="500" ind1=" " ind2=" ">
   <subfield code="a">Indeks : indeks</subfield>
  </datafield>
  <datafield tag="520" ind1=" " ind2=" ">
   <subfield code="a">Buku ini merupakan dokumentasi pelaksanaan tugas Bpk Laica sebagai hakim konstitusi atau wakil Ketua MK periode 2003-2008. Selama lima tahun sebagai hakim konstitusi dan sebagai wakil MK, beliau telah mendarma baktikan tenaga dan pemikirannya kepada MK sehingga dapat berkembang sebagai peradilan yang modern dan terpercaya. Didalam buku ini kita dapat mengenal lebih jauh sosok Bapak Laica baik perjalanan hidup maupun pemikiran- pemikirannya yang dituangkan dalam beberapa tulisan dan dissenti opinion ebberapa putusan MK. Dissenti opinion yang juga merupakan pertanggungjawaban Bpk Laica tersebut tentu harus dibaca sebagai bagian dari putusan MK. Selain itu, dalam buku ini kita juga dapat mengenal sosok Bpk Laica melalui kesan pesan para sahabt dan orang-orang yang mengenal dan pernah berhubungan dengan beliau. Buku ini merupakan buku yang unik karena selain memuat pemikiran hukum dan konstitusi yang rigid dan disajikan dalam nuansa bahasa sastra, juga memuat karya sastra dalam bentuk puisi.</subfield>
  </datafield>
  <datafield tag="650" ind1=" " ind2="4">
   <subfield code="a">Biografi - Hukum</subfield>
  </datafield>
  <datafield tag="990" ind1=" " ind2=" ">
   <subfield code="a">05833/MKRI-P/IX-2008</subfield>
  </datafield>
  <datafield tag="990" ind1=" " ind2=" ">
   <subfield code="a">05878/MKRI-P/IX-2008</subfield>
  </datafield>
  <datafield tag="990" ind1=" " ind2=" ">
   <subfield code="a">05879/MKRI-P/IX-2008</subfield>
  </datafield>
  <datafield tag="990" ind1=" " ind2=" ">
   <subfield code="a">05878/MKRI-P/IX-2008</subfield>
  </datafield>
  <datafield tag="990" ind1=" " ind2=" ">
   <subfield code="a">05833/MKRI-P/IX-2008</subfield>
  </datafield>
  <datafield tag="990" ind1=" " ind2=" ">
   <subfield code="a">05879/MKRI-P/IX-2008</subfield>
  </datafield>
  <datafield tag="990" ind1=" " ind2=" ">
   <subfield code="a">05833/MKRI-P/IX-2008</subfield>
  </datafield>
  <datafield tag="990" ind1=" " ind2=" ">
   <subfield code="a">05878/MKRI-P/IX-2008</subfield>
  </datafield>
  <datafield tag="990" ind1=" " ind2=" ">
   <subfield code="a">05879/MKRI-P/IX-2008</subfield>
  </datafield>
  <datafield tag="990" ind1=" " ind2=" ">
   <subfield code="a">05833/MKRI-P/IX-2008</subfield>
  </datafield>
  <datafield tag="990" ind1=" " ind2=" ">
   <subfield code="a">05878/MKRI-P/IX-2008</subfield>
  </datafield>
  <datafield tag="990" ind1=" " ind2=" ">
   <subfield code="a">05879/MKRI-P/IX-2008</subfield>
  </datafield>
 </record>
</collection>
